• 首页
  • 本馆介绍
  • 公告通知
  • 最新文献
  • 馆藏检索
  • 电子资源
  • 读者导购
  • 参考咨询
  • 我的图书馆
  • 登录
  • 详细信息显示
  • 放入我的书架
  • 预约/预借图书
  • 作者相关作品
  • 分类相关作品
  • 丛书相关作品
  • 出版社相关作品

书目信息

  • 表格格式
  • 工作单格式
  • 卡片格式
题名:
我国甘薯垄作种植机械化技术研究
    
 
作者: 胡良龙 , 王公仆 , 王冰 著
分册:  
出版信息: 北京   中国农业科学技术出版社  2020.5
页数: 105页
开本: 24cm
丛书名:
单 册:
中图分类: S531
科图分类:
主题词: 甘薯--垄作--机械化栽培--研究--中国
电子资源:
ISBN: 978-7-5116-4691-0
000 00952nam0 2200253 45
001 012001002998
005 20141010153551.0
010    @a978-7-5116-4691-0@dCNY48.00
100    @a20200929d2020 em y0chiy50 ea
101 0  @achi
102    @aCN@b110000
105    @aa z 000yy
106    @ar
200 1  @a我国甘薯垄作种植机械化技术研究@Awo guo gan shu long zuo zhong zhi ji xie hua ji shu yan jiu@b专著@f胡良龙,王公仆,王冰著
210    @a北京@c中国农业科学技术出版社@d2020.5
215    @a105页@c图,照片@d24cm
330    @a本书共分七部分,内容包括:我国甘薯垄作种植研究现状、国内典型甘薯垄作机械研究设计、国内典型甘薯种植机械研究设计、甘薯种植浇水模式研究、宜机化起垄种植配套技术研究等。
606 0  @a甘薯@x垄作@x机械化栽培@x研究@y中国
690    @aS531@v5
701  0 @a胡良龙@Ahu liang long@4著
701  0 @a王公仆@Awang gong pu@4著
701  0 @a王冰@Awang bing@4著
801  2 @aCN@bBJSDL@c20211018
905    @b1351116-8@dS531@e134@f3
    
    我国甘薯垄作种植机械化技术研究/胡良龙,王公仆,王冰著.-北京:中国农业科学技术出版社,2020.5
    105页:图,照片;24cm
    
    
    ISBN 978-7-5116-4691-0:CNY48.00
    本书共分七部分,内容包括:我国甘薯垄作种植研究现状、国内典型甘薯垄作机械研究设计、国内典型甘薯种植机械研究设计、甘薯种植浇水模式研究、宜机化起垄种植配套技术研究等。
●
相关链接 在E读中查询图书 在五车中查询图书 在当当中查询图书 在豆瓣中查询图书


正题名:我国甘薯垄作种植机械化技术研究     索取号:S531/134         预约/预借

序号 登录号 条形码 馆藏地/架位号 状态 备注
1 1351116   213511163   第二样本阅览室/ [索取号:S531/134] 在馆    
2 1351117   213511172   第三借阅区/ [索取号:S531/134] 在馆    
3 1351118   213511181   第三借阅区/ [索取号:S531/134] 在馆    
唐山师范学院图书馆 欢迎您!
大连网信软件有限公司© 版权所有